000 01086nam a2200313 a 4500
001 000022140
003 OSt
005 20240412074250.0
007 ta
008 100917s2010 dr 000 j spa d
020 _a9789945460216
040 _aDO-SdBNP
_bspa
_cBNPHU
082 _aRD863.44
_bV443t, 2010
100 1 _aVeloz Maggiolo, Marcio,
_d1936-2021
_91104
245 1 4 _aLos retornos del Jefe ; Trujillo 2061 /
_cMarcio Veloz Maggiolo, Bismar Galán.
246 1 3 _aTrujillo 2061
250 _a2a ed.
260 _aSanto Domingo :
_bCreamos Ediciones,
_c2010.
300 _a82 p. ;
_c22 cm.
500 _aIncluye datos biográficos de los autores en las solapas
505 0 _aLa dictadura y su magia /
_rMarcio Veloz Maggiolo --
_tTrujillo 2061
_rBismar Galán.
590 _aInventariado, 2020/VM
650 0 _aCuentos dominicanos
_9176
650 0 _aLiteratura dominicana.
_967
651 4 _aRepública Dominica
_xHistoria
_yERA DE TRUJILLO, 1961-1930
_945835
700 1 _aGalán, Bismar,
_d1961-
_91490
910 _aValidado. Control de calidad MFF
942 _2ddc
_cLBS1
999 _c21638
_d21638